000
00292nam a22001217a 4500
008
180806b xxu||||| |||| 00| 0 eng d
082
_a
813.52
245
_a
SPSS Integrated Student Version 16.0
_c
Wadsworth
260
_c
2008
300
_a
1
_f
CD
440
_x
9780495598275
942
_2
ddc
_c
MX
999
_c
46874
_d
46874